00425nam a2200145Ia 450000500170000000800410001708200130005824500740007126000450014530000120019065000090020265000170021170000260022870000250025420240603061500.0240331s9999 xx 000 0 und d bEIGa342 4aThe Eighteenth Amendment to the Constitution :bSubstance and Process aColombobGlobe Printing Works ( Pvt) Ltd a188 p., aLaws aHuman Rights aEdrisinha, Rohaneedt aJayakody, Arunieedt